000 00727nam a2200289Ia 4500
005 20260324121120.0
008 008 260324s9999 xx 000 0 eng d
020 _a9780429096556
037 _aEBOOK
040 _aCRL
040 _beng
040 _cCRL
041 _2eng
041 _aeng
084 _qCRL
100 _aRoger F. Jones
_91161243
245 0 _aStrategic Management for the Plastics Industry
245 0 _bDealing with Globalization and Sustainability, Second Edition
260 _bTaylor and Francis
260 _c2014
365 _a
365 _b305
856 _uhttp://www.taylorfrancis.com/books/9780429096556
942 _cEBOOK
999 _c1753150
_d1753150